00318nam a2200109Ia 4500008004000000020001800040082001600058100003100074245005300105260004200158300000800200210210b1994 xxu||||| |||| 00| 0 eng d a81 7022 506 X a363.15 DASH aDA SILVA GRACIAS (Fatima). aHealth and hygiene in colonial Goa. (1510-1961). aNDbConcept Publishing Company.c1994 a300